Fr. Conceicao Rodrigues College of Engineering

Global positioning systems GPS (Record no. 30033)

MARC details
000 -LEADER
fixed length control field 00341nam a2200169Ia 4500
082 ## - DEWEY DECIMAL CLASSIFICATION NUMBER
Classification number 384.51
Item number WEL
100 ## - MAIN ENTRY--PERSONAL NAME
Personal name Wellenhof/Hofmann B
250 ## - EDITION STATEMENT
Edition statement 5
245 ## - TITLE STATEMENT
Title Global positioning systems GPS
260 ## - PUBLICATION, DISTRIBUTION, ETC.
Name of publisher, distributor, etc. Springer
Date of publication, distribution, etc. 2001
366 ## - TRADE AVAILABILITY INFORMATION
Publishers's discount category 25
300 ## - PHYSICAL DESCRIPTION
Extent 382
546 ## - LANGUAGE NOTE
Language note ENGLISH
-- TTL
650 ## - SUBJECT ADDED ENTRY--TOPICAL TERM
Topical term or geographic name entry element GPS
942 ## - ADDED ENTRY ELEMENTS (KOHA)
Koha item type BOOK
Holdings
Withdrawn status Lost status Damaged status Not for loan Collection Home library Current library Date acquired Source of acquisition Cost, normal purchase price Inventory number Total Checkouts Full call number Barcode Date last seen Cost, replacement price Price effective from Koha item type
        CRC Fr. Agnel's C.Rodrigues College of Engineering Fr. Agnel's C.Rodrigues College of Engineering 17/03/2023 Book World 521.25 291 dt 19/04/2011   384.51 WEL 21511 17/03/2023 695.00   BOOK